000 00243nam a22000857a 4500
008 161130b xxu||||| |||| 00| 0 eng d
100 _91589
_aWatts,E
245 _aGul Mohar: Companion Teacher's Edition vth
260 _aNew Delhi
_bOrient Longman
_c2006
999 _c4310
_d4310